Sports Quiz

Random Sports or NFL Quiz
Score 0/81 Timer 08:00
0 Plays Today
Hint Answer % Correct
Week 2DeSean Jackson
99.3%
Week 6Vincent Jackson
99.3%
Week 6DeSean Jackson
99.3%
Week 7Vincent Jackson
99.3%
Week 11Vincent Jackson
99.3%
Week 15DeSean Jackson
99.3%
Week 2Calvin Johnson
98.6%
Week 7Calvin Johnson
98.6%
Week 8Calvin Johnson
98.6%
Week 9Andre Johnson
98.6%
Week 11Calvin Johnson
98.6%
Week 13Calvin Johnson
98.6%
Week 1Demaryius Thomas
97.9%
Week 10Demaryius Thomas
97.9%
Week 16Demaryius Thomas
97.9%
Week 3Antonio Brown
97.2%
Week 11Antonio Brown
97.2%
Week 14Antonio Brown
97.2%
Week 1Victor Cruz
96.5%
Week 1Larry Fitzgerald
96.5%
Week 2Julio Jones
96.5%
Week 4Victor Cruz
96.5%
Week 8Marvin Jones
96.5%
Week 1A.J. Green
95.8%
Week 5Dez Bryant
95.8%
Week 7A.J. Green
95.8%
Week 15Dez Bryant
95.8%
Hint Answer % Correct
Week 16A.J. Green
95.8%
Week 4Alshon Jeffery
94.4%
Week 6Brandon Marshall
94.4%
Week 10Brandon Marshall
94.4%
Week 3Josh Gordon
93.7%
Week 3Eric Decker
93.7%
Week 4Torrey Smith
93.7%
Week 7Eric Decker
93.7%
Week 12Josh Gordon
93.7%
Week 13Eric Decker
93.7%
Week 13Josh Gordon
93.7%
Week 14Josh Gordon
93.7%
Week 16Eric Decker
93.7%
Week 2Pierre Garcon
92.3%
Week 5Alshon Jeffery
92.3%
Week 5T.Y. Hilton
92.3%
Week 9T.Y. Hilton
92.3%
Week 13Alshon Jeffery
92.3%
Week 15Pierre Garcon
92.3%
Week 16Pierre Garcon
92.3%
Week 1Anquan Boldin
91.6%
Week 12Anquan Boldin
91.6%
Week 16Roddy White
91.6%
Week 14Marques Colston
90.9%
Week 12Julian Edelman
87.4%
Week 15Julian Edelman
87.4%
Week 8Jordy Nelson
86%
Hint Answer % Correct
Week 11Michael Floyd
82.5%
Week 12Mike Wallace
81.1%
Week 5Terrance Williams
80.4%
Week 7Harry Douglas
74.1%
Week 11Harry Douglas
74.1%
Week 6Riley Cooper
69.2%
Week 9Riley Cooper
69.2%
Week 10Riley Cooper
69.2%
Week 4Greg Jennings
68.5%
Week 10Tavon Austin
68.5%
Week 15Greg Jennings
68.5%
Week 4Nate Washington
64.3%
Week 8Golden Tate
63.6%
Week 13Brian Hartline
62.9%
Week 8Kenny Stills
60.1%
Week 14Cordarrelle Patterson
58.7%
Week 2Eddie Royal
58%
Week 5Rueben Randle
58%
Week 6Justin Blackmon
48.3%
Week 3Santonio Holmes
44.1%
Week 3Sidney Rice
40.6%
Week 9Jerricho Cotchery
28.7%
Week 10Rishard Matthews
28.7%
Week 9Aaron Dobson
18.9%
Week 1Leonard Hankerson
9.1%
Week 12Tiquan Underwood
6.3%
Week 14Da'Rick Rogers
4.2%
Remove Ads.
Support Sporcle.
Get the best of Sporcle when you Go Orange. This ad-free experience offers more features, more stats, and more fun while also helping to support Sporcle. Thank you for becoming a member.

You're not logged in!

Compare scores with friends on all Sporcle quizzes.
OR
Log In

Show Comments

Extras

Top Quizzes Today


Score Distribution

Your Account Isn't Verified!

In order to create a playlist on Sporcle, you need to verify the email address you used during registration. Go to your Sporcle Settings to finish the process.

Report this User

Report this user for behavior that violates our Community Guidelines.

Details: